Communicating corparate change : A practise guide to communication and corporate strategy
Gorde:
| Egile nagusia: | |
|---|---|
| Formatua: | Liburua |
| Hizkuntza: | Undetermined |
| Argitaratua: |
London
McGraw - Hill
1996
|
| Gaiak: | |
| Etiketak: |
Etiketa erantsi
Etiketarik gabe, Izan zaitez lehena erregistro honi etiketa jartzen!
|
| Thư viện lưu trữ: | Trung tâm Học liệu Trường Đại học Cần Thơ |
|---|
| LEADER | 00574nam a2200193Ia 4500 | ||
|---|---|---|---|
| 001 | CTU_99201 | ||
| 008 | 210402s9999 xx 000 0 und d | ||
| 082 | |a 658.4 | ||
| 082 | |b Q8 | ||
| 100 | |a Quirke, Bill | ||
| 245 | 0 | |a Communicating corparate change : | |
| 245 | 2 | |b A practise guide to communication and corporate strategy | |
| 245 | 0 | |c Bill Quirke | |
| 260 | |a London | ||
| 260 | |b McGraw - Hill | ||
| 260 | |c 1996 | ||
| 650 | |a Communication in management,Organizational change | ||
| 904 | |i Truc, Q. Hieu | ||
| 980 | |a Trung tâm Học liệu Trường Đại học Cần Thơ | ||